निर्यात तैयार है — 

Bệnh các cơ quan tiêu hóa; T2 Gan và đường mật tuyến tụy, khám X quang các cơ quan tiêu hóa

Сохранить в:
Библиографические подробности
Формат:
Язык:Undetermined
Опубликовано: Hà Nội Y học 1975
Предметы:
Метки: Добавить метку
Нет меток, Требуется 1-ая метка записи!
Thư viện lưu trữ: Trung tâm Học liệu Trường Đại học Cần Thơ
LEADER 00624nam a2200181Ia 4500
001 CTU_7613
008 210402s9999 xx 000 0 und d
082 |a 616.3 
082 |b V662/T2 
245 0 |a Bệnh các cơ quan tiêu hóa; T2 
245 0 |b Gan và đường mật tuyến tụy, khám X quang các cơ quan tiêu hóa 
245 0 |c Tạ Long và Nguyễn Hữu Lộc dịch 
260 |a Hà Nội 
260 |b Y học 
260 |c 1975 
650 |a digestive organs - diseases 
904 |i Nguyễn Huỳnh Mai, 960824 
980 |a Trung tâm Học liệu Trường Đại học Cần Thơ